000 01227nam a2200385 a 4500
001 20459
003 VRT
005 20260122143002.0
008 961209q1995 xo p 000 d slo c
020 _a8088834244 (brož.)
035 _aUKB000210391
040 _aBAA001
_bslo
_cBAA001
_eAACR2
041 1 _aslo
_heng
044 _axo
_cSK
080 _a885.4-22
100 1 _aShakespeare, William,
_d1564-1616
243 1 0 _aRenesančná dráma
245 0 0 _aSen noci svätojánskej
_cWilliam Shakespeare ; [prel. Zora Jesenská]
260 _aRohovce
_bInterpopulart Slovakia
_c[1995]
300 _a79 s
490 1 _aPopulart. Študentská knižnica
_v25
500 _aRenesančná dráma
504 _aBibliogr. s. 79
650 0 7 _aliteratúra anglická renesančná
650 0 7 _aveselohry
653 _a885.4-22
700 1 _aJesenská, Zora,
_d1909-1972
_4trl
760 1 _tPopulart. Študentská knižnica
830 0 _aPopulart. Študentská knižnica
_v25
910 _aukb
942 _2ddc
_cKLDO
_n0
949 _61800009229
_aSL.D.24700
_bPV.5670-96
949 _61800065035
_a30.D.66677
_bNA.235-99
949 _61800009230
_a30.D.66677
_bPV.5669-96
_q25.11.2015 popísaná,
_r25.11.2015 popísaná,
999 _c20459
_d20459